000 02156 a2200385 4500
999 _c118689
_d118689
003 BJBSDDR
005 20230805181414.0
007 ta
008 230213r20212015sp ||||| |||| 00| 0 spa d
020 _a9788490327234
020 _a8490327238
040 _bspa
_cBJBSDDR
041 _aspa
_heng
050 1 4 _aPS 3515
_bH488p 2021
082 0 0 _a818.5
100 1 _aHemingway, Ernest,
_d1899-1961
240 1 0 _aMoveable feast.
_lEspañol
245 1 0 _aParís era una fiesta /
_cHemingway Ernest, Traducción de Gabriel Ferrater.
250 _aCuarta edición. Octava reimpresión
260 _aBarcelona :
_bPenguin Random House Grupo Editorial,
_c2021
300 _a275 páginas ;
_c19 cm
490 1 _aContemporánea
500 _aTraducción del inglés: Moveable feast.
500 _aLibro publicado originalmente en 1964 por Charles Scribner's Sons
520 _aLa mítica última novela del Premio Nobel de Literatura Ernest Hemingway. Publicada póstumamente en 1964, París era una fiesta es la obra más personal y reveladora de Hemingway, quien, ya en el crepúsculo de su vida, narra aquí los dorados, salvajes y fructíferos años de su juventud en el París de los años veinte, en compañía de escritores como Scott Fitzgerald o Ezra Pound, la llamada «generación perdida», según la popular denominación acuñada en aquella época por Gertrude Stein, mítica madrina del grupo. Crónica de la formación de un joven escritor, retrato de una ciudad perdida, oda a la amistad y verdadero testamento literario, París era una fiesta es uno de los libros capitales para entender el siglo XX, así como el universo y la personalidad de uno de sus más grandes creadores.
600 1 4 _aHemingway, Ernest,
_d1898-1961
_vColecciones de escritos
650 4 _97255
_aNovelistas estadounidenses
_ySiglo XX
650 4 _91028
_aLiteratura estadounidense
650 4 _91029
_aEnsayos estadounidenses
651 4 _916002
_aParís (Francia)
_xVida social y costumbres
700 1 _927863
_aFerrater, Gabriel,
_d1922-1972
_etraductor
830 0 _910906
_aContemporánea (Debolsillo)
942 _2lcc
_cBK
946 _irmza